Logistické metódy a ich dopady na znižovaní nákladov v podniku

Vhodný výber logistických metód a ich vplyv na podnikové financie. Analýza 4 komplexných logistických technológií, ktoré najvýraznejším spôsobom ovpyvnili chod ekonomík : Just in Time, Kanban, Quick Response, Efficient Customer Response. Veľké množstvo firiem rieši svoju logistiku pomocou outsourcin...

Description complète

Enregistré dans:
Détails bibliographiques
Auteur principal: Rehák, Róbert, 1984-
Format: Chapitre de livre
Langue:slovaque
Sujets:
Tags: Ajouter un tag
Pas de tags, Soyez le premier à ajouter un tag!

MARC

LEADER 00000nla$a2200000$$$4500
001 0073993
005 20240502071858.3
041 0 |a slo 
044 |a SK 
245 1 0 |a Logistické metódy a ich dopady na znižovaní nákladov v podniku  |c Róbert Rehák 
520 |a Vhodný výber logistických metód a ich vplyv na podnikové financie. Analýza 4 komplexných logistických technológií, ktoré najvýraznejším spôsobom ovpyvnili chod ekonomík : Just in Time, Kanban, Quick Response, Efficient Customer Response. Veľké množstvo firiem rieši svoju logistiku pomocou outsourcingu. Logistika a jej metódy sú jedna z posledných možností, z ktorej podniky môžu ťažiť svoje konkurenčné výhody a to nielen v oblasti znižovania nákladov, ale zvyšovania celkovej efektívnosti chodu podnikov. 
610 2 0 |a logistika podniková 
610 2 0 |a metódy 
610 2 0 |a kanban 
100 1 |a Rehák, Róbert, 1984-